| 000 | 00731nam a2200265Ia 4500 | ||
|---|---|---|---|
| 003 | OSt | ||
| 005 | 20220928123430.0 | ||
| 006 | a|||||r|||| 00| 0 | ||
| 007 | ta | ||
| 008 | 220927b |||||||| |||| 00| 0 eng d | ||
| 020 | _c4995 | ||
| 024 | _a127317 | ||
| 037 |
_b2335, 27/10/2015, Govinda Book House _cTextual |
||
| 040 |
_aSDCL _cSDCL _beng |
||
| 041 |
_2eng _aeng |
||
| 082 | _aB37:1, P4 | ||
| 100 |
_aRao M. M. _9461155 |
||
| 245 | 0 | _aMeasure theory and integration | |
| 250 | _a2nd | ||
| 260 |
_aBoca Raton _b CRC Press _c2015 |
||
| 300 |
_axix;761p. _ccm. |
||
| 650 | _aMathematics | ||
| 942 |
_hB37:1, P4 _cTEXL _2CC |
||
| 999 |
_c774222 _d774222 |
||